<?xml version="1.0" encoding="UTF-8"?>
<collection xmlns="http://www.loc.gov/MARC21/slim">
 <record>
  <leader>01907aam a22002298a 4500</leader>
  <controlfield tag="001">NCT_6058</controlfield>
  <controlfield tag="008">111216s2011                  ||||||viesd</controlfield>
  <datafield tag="999" ind1=" " ind2=" ">
   <subfield code="c">307</subfield>
   <subfield code="d">307</subfield>
  </datafield>
  <datafield tag="020" ind1=" " ind2=" ">
   <subfield code="c">107000</subfield>
  </datafield>
  <datafield tag="082" ind1="0" ind2="4">
   <subfield code="2">23rd ed.</subfield>
   <subfield code="a">621.6</subfield>
   <subfield code="b">Đ113</subfield>
  </datafield>
  <datafield tag="100" ind1="1" ind2=" ">
   <subfield code="a">Trần Văn Đắc</subfield>
  </datafield>
  <datafield tag="245" ind1="1" ind2="0">
   <subfield code="a">Lý thuyết cánh</subfield>
   <subfield code="n">Tập 1</subfield>
   <subfield code="p">Cơ sở lý thuyết thiết kế và khảo sát bơm, quạt, tuabin và máy nén khí hiện đại</subfield>
   <subfield code="c">Trần Văn Đắc</subfield>
  </datafield>
  <datafield tag="260" ind1=" " ind2=" ">
   <subfield code="a">H.</subfield>
   <subfield code="b">Khoa học và Kỹ thuật</subfield>
   <subfield code="c">2011</subfield>
  </datafield>
  <datafield tag="300" ind1=" " ind2=" ">
   <subfield code="a">375tr.</subfield>
   <subfield code="b">hình vẽ, bảng</subfield>
   <subfield code="c">24cm</subfield>
  </datafield>
  <datafield tag="500" ind1=" " ind2=" ">
   <subfield code="a">Tên sách ngoài bìa: T.1: Cơ sở lý thuyết thiết kế và khảo sát bơm, quạt, tuabin và máy nén khí</subfield>
  </datafield>
  <datafield tag="520" ind1="3" ind2=" ">
   <subfield code="a">Nội dung tài liệu trình bày về hàm biến phức dùng trong cơ chất lỏng và lý thuyết cánh, động lực học chất lỏng chuyển động. Trình bày khái quát về nhiệt động học chất lỏng lý tưởng, khí động học một thứ nguyên - dòng đẳng entropi, phương pháp tốc độ dòng hai thứ nguyên trong chất lỏng chịu nén, dòng siêu ấm hai thứ nguyên với nhiễu nhỏ, phương pháp đường đặc trưng và sóng xung kích</subfield>
  </datafield>
  <datafield tag="655" ind1=" " ind2="7">
   <subfield code="a">Giáo trình</subfield>
  </datafield>
  <datafield tag="942" ind1=" " ind2=" ">
   <subfield code="2">ddc</subfield>
   <subfield code="c">BK</subfield>
  </datafield>
  <datafield tag="952" ind1=" " ind2=" ">
   <subfield code="0">0</subfield>
   <subfield code="1">0</subfield>
   <subfield code="2">ddc</subfield>
   <subfield code="4">0</subfield>
   <subfield code="6">621_600000000000000_Đ113</subfield>
   <subfield code="7">0</subfield>
   <subfield code="9">1598</subfield>
   <subfield code="a">000001</subfield>
   <subfield code="b">000001</subfield>
   <subfield code="d">2017-10-18</subfield>
   <subfield code="o">621.6 Đ113</subfield>
   <subfield code="p">MD.01566</subfield>
   <subfield code="r">2017-10-18</subfield>
   <subfield code="v">107000.00</subfield>
   <subfield code="w">2017-10-18</subfield>
   <subfield code="y">BK</subfield>
  </datafield>
  <datafield tag="952" ind1=" " ind2=" ">
   <subfield code="0">0</subfield>
   <subfield code="1">0</subfield>
   <subfield code="2">ddc</subfield>
   <subfield code="4">0</subfield>
   <subfield code="6">621_600000000000000_Đ113</subfield>
   <subfield code="7">0</subfield>
   <subfield code="9">1599</subfield>
   <subfield code="a">000001</subfield>
   <subfield code="b">000001</subfield>
   <subfield code="d">2017-10-18</subfield>
   <subfield code="o">621.6 Đ113</subfield>
   <subfield code="p">MD.01564</subfield>
   <subfield code="r">2017-10-18</subfield>
   <subfield code="v">107000.00</subfield>
   <subfield code="w">2017-10-18</subfield>
   <subfield code="y">BK</subfield>
  </datafield>
  <datafield tag="952" ind1=" " ind2=" ">
   <subfield code="0">0</subfield>
   <subfield code="1">0</subfield>
   <subfield code="2">ddc</subfield>
   <subfield code="4">0</subfield>
   <subfield code="6">621_600000000000000_Đ113</subfield>
   <subfield code="7">0</subfield>
   <subfield code="9">1600</subfield>
   <subfield code="a">000001</subfield>
   <subfield code="b">000001</subfield>
   <subfield code="d">2017-10-18</subfield>
   <subfield code="o">621.6 Đ113</subfield>
   <subfield code="p">MD.01565</subfield>
   <subfield code="r">2017-10-18</subfield>
   <subfield code="v">107000.00</subfield>
   <subfield code="w">2017-10-18</subfield>
   <subfield code="y">BK</subfield>
  </datafield>
  <datafield tag="980" ind1=" " ind2=" ">
   <subfield code="a">Thư viện Trường Đại học Nam Cần Thơ</subfield>
  </datafield>
 </record>
</collection>
